Basic mathematics for chemists

Αποθηκεύτηκε σε:
Λεπτομέρειες βιβλιογραφικής εγγραφής
Κύριος συγγραφέας: Tebbutt, Peter
Μορφή: Βιβλίο
Γλώσσα:English
Δημοσίευση: Chichester, England ; New York : John Wiley, c1998
Έκδοση:2nd ed.
Θέματα:
Ετικέτες: Προσθήκη ετικέτας
Δεν υπάρχουν, Καταχωρήστε ετικέτα πρώτοι!

MARC

LEADER 00000nam a2200000 i 4500
001 1/49233
008 980721s1998 eng d
020 |a 0-471-97284-3 
035 |l 10043553 
040 |a GR-MY-UA  |b gre  |e aacr 
041 0 |a eng 
082 0 |a 510.2454 
100 1 |a Tebbutt, Peter. 
245 1 0 |a Basic mathematics for chemists /  |c Peter Tebbutt 
250 |a 2nd ed. 
260 |a Chichester, England ; New York :   |b John Wiley,   |c c1998 
300 |a xv, 275 p.;  |b ill.;  |c 25 cm. 
500 |a Includes index 
650 0 0 |a Mathematics. 
852 |a INST  |b SAMOS  |e 19980721  |h 510.2454 TEB  |p 005300010917  |q 005300010917  |t BK  |y 0 
901 |a BIBL-1998-2 
909 |a Σ  |b 057517 
922 |a 3ΕΛΗ  |b 199807  |c ΔΩΡ  |d JOHN WILEY